حادثة الفيل : (رقم التسجيلة. 47247)
[ عرض عادي ]
| 000 -LEADER | |
|---|---|
| fixed length control field | 00666nam a22001817a 4500 |
| 005 - DATE AND TIME OF LATEST TRANSACTION | |
| control field | 20251108170719.0 |
| 008 - FIXED-LENGTH DATA ELEMENTS--GENERAL INFORMATION | |
| fixed length control field | 250721s1995 xx 000 0 ara d |
| 082 14 - DEWEY DECIMAL CLASSIFICATION NUMBER | |
| Classification number | ط/218.421/عسا |
| 100 1# - MAIN ENTRY--PERSONAL NAME | |
| Personal name | عساني، يوسف عبد الكريم |
| 245 10 - TITLE STATEMENT | |
| Title | حادثة الفيل : |
| Remainder of title | عزم إبرهه الجشي على تدمير الكعبة / |
| 264 1# - PRODUCTION, PUBLICATION, DISTRIBUTION, MANUFACTURE, AND COPYRIGHT NOTICE | |
| Place of production, publication, distribution, manufacture | حلب : |
| Name of producer, publisher, distributor, manufacturer | دار القلم العربي، |
| Date of production, publication, distribution, manufacture, or copyright notice | 1995. |
| 300 ## - PHYSICAL DESCRIPTION | |
| Extent | 16ص |
| 490 0# - SERIES STATEMENT | |
| Series statement | فجر الهدى و الإيمان : مكة المكرمة عبر التاريخ ؛4 |
| 650 17 - SUBJECT ADDED ENTRY--TOPICAL TERM | |
| Topical term or geographic name as entry element | الكعبة |
| 653 ## - INDEX TERM--UNCONTROLLED | |
| Uncontrolled term | اطفال مرحلة متوسطة (6-9) سنوات |
| 942 ## - ADDED ENTRY ELEMENTS (KOHA) | |
| Source of classification or shelving scheme | Dewey Decimal Classification |
| Koha item type | كتب |
| حالة السحب | حالة الفقدان | مصدر التصنيف | حالة التلف | غير قابل للإعارة | المكتبة الرئيسية | المكتبة الحالية | موقع الرف | تاريخ التزويد | الرقم المتسلسل | Total Checkouts | رقم الإستدعاء | الباركود | تاريخ آخر ظهور | تاريخ الفاتورة | نوع المادة (كوها) |
|---|---|---|---|---|---|---|---|---|---|---|---|---|---|---|---|
| Dewey Decimal Classification | مكتبة البشائر للأطفال | مكتبة البشائر للأطفال | الإعارة | 28/07/2025 | 527850 | ط/218.421/عسا | 527850 | 28/07/2025 | 28/07/2025 | كتب | |||||
| Dewey Decimal Classification | مكتبة الأميرة ايمان العامة | مكتبة الأميرة ايمان العامة | الأطفال | 21/12/2013 | 628214 | ط/218.421/عسا | PLD00290879 | 28/07/2025 | 21/12/2013 | كتب | |||||
| Dewey Decimal Classification | مكتبة الياسمين للأطفال | مكتبة الياسمين للأطفال | الأطفال | 30/03/2014 | 558344 | ط/218.421/عسا | PLD00297152 | 28/07/2025 | 30/03/2014 | كتب | |||||
| Dewey Decimal Classification | مكتبة حمزة العامة | مكتبة حمزة العامة | الأطفال | 08/03/2018 | 1668178 | ط/218.421/عسا | PLD00419471 | 28/07/2025 | 08/03/2018 | كتب | |||||
| Dewey Decimal Classification | مكتبةمؤتة | مكتبةمؤتة | الأطفال | 19/09/2014 | 1605813 | ط/218.421/عسا | PLD00345417 | 28/07/2025 | 19/09/2014 | كتب |